Vol. 10 : Chemistry and Chemical Engineering in XXI century: XV International Scientific Conference dedicated to Professor L. P. Kulyov, 26-29 May 2014, Tomsk, Russia; Procedia Chemistry

Bibliografiske detaljer
Parent link:Procedia Chemistry. Vol. 10 : Chemistry and Chemical Engineering in XXI century
Corporate Authors: National Research Tomsk Polytechnic University (TPU), Chemistry and Chemical Engineering in XXI century
Summary:Title screen
Sprog:engelsk
Udgivet: 2014
Fag:
Online adgang:http://www.sciencedirect.com/science/journal/18766196/10/supp/C
Format: Electronisk Bog
KOHA link:https://koha.lib.tpu.ru/cgi-bin/koha/opac-detail.pl?biblionumber=639404

MARC

LEADER 00000nlm2a2200000 4500
001 639404
005 20231102025027.0
035 |a (RuTPU)RU\TPU\network\3890 
090 |a 639404 
100 |a 20150310a2014 k y0engy50 ba 
101 0 |a eng 
105 |a a z 100zy 
135 |a drcn ---uucaa 
181 0 |a i  
182 0 |a b 
200 0 |a Vol. 10 : Chemistry and Chemical Engineering in XXI century  |e XV International Scientific Conference dedicated to Professor L. P. Kulyov, 26-29 May 2014, Tomsk, Russia  |f National Research Tomsk Polytechnic University (TPU) 
203 |a Text  |c electronic 
210 |d 2014 
300 |a Title screen 
461 1 |0 (RuTPU)RU\TPU\network\3889  |t Procedia Chemistry  |v Vol. 10 : Chemistry and Chemical Engineering in XXI century 
606 1 |a Химия  |2 stltpush  |3 (RuTPU)RU\TPU\subj\17362  |9 43035 
606 1 |a Химическая технология, общая  |2 stltpush  |3 (RuTPU)RU\TPU\subj\30833  |9 53864 
610 1 |a конференции 
610 1 |a труды учёных ТПУ 
610 1 |a электронный ресурс 
675 |a 54(063)  |v 3 
675 |a 66(063)  |v 3 
712 0 2 |a National Research Tomsk Polytechnic University (TPU)  |2 stltpush  |3 (RuTPU)RU\TPU\col\18773 
712 1 2 |a Chemistry and Chemical Engineering in XXI century  |c International Scientific Conference  |e Tomsk  |f 2014 
801 2 |a RU  |b 63413507  |c 20171012  |g RCR 
856 4 |u http://www.sciencedirect.com/science/journal/18766196/10/supp/C 
942 |c CF